Социально-оздоровительные технологии воспитания и развития дошкольников (Запись № 13280278)

Подробности
000 -МАРКЕР
контрольное поле 01846dam0a2200349 i 4500
001 - ИДЕНТИФИКАТОР ЗАПИСИ
контрольное поле RU\NLR\bibl\803671
005 - ИДЕНТИФИКАТОР ВЕРСИИ
контрольное поле 20260426062930.0
021 ## - НОМЕР ГОСУДАРСТВЕННОЙ РЕГИСТРАЦИИ
Код страны Российская Федерация
Номер 2005-11479
Номер Листа государственной регистраци 588
035 ## - ДРУГИЕ СИСТЕМНЫЕ НОМЕРА
Идентификатор записи (NLR Aleph) 000792825
100 ## - ДАННЫЕ ОБЩЕЙ ОБРАБОТКИ
Данные общей обработки 20050525d2005 u y0rusy50 ca
101 0# - ЯЗЫК РЕСУРСА
Язык текста, звукозаписи и т.д. русский
102 ## - СТРАНА ПУБЛИКАЦИИ ИЛИ ПРОИЗВОДСТВА
Страна публикации Российская Федерация
105 ## - ПОЛЕ КОДИРОВАННЫХ ДАННЫХ: ТЕКСТОВЫЕ МАТЕРИАЛЫ, МОНОГРАФИЧЕСКИЕ
Кодированные данные о монографическом текстовом документе y |||||||||
200 1# - ЗАГЛАВИЕ И СВЕДЕНИЯ ОБ ОТВЕТСТВЕННОСТИ
Основное заглавие Социально-оздоровительные технологии воспитания и развития дошкольников
Сведения, относящиеся к заглавию из опыта работы дошкольного образовательного учреждения N 56 Красноармейского района г. Волгограда
Первые сведения об ответственности Г.Ф. Савина, Н.Ю. Бутенко, Н.Н. Миндарина и др.
Последующие сведения об ответственности под ред. проф. М.В. Корепановой
210 ## - ПУБЛИКАЦИЯ, РАСПРОСТРАНЕНИЕ И ДР.
Место издания, распространения и т.д. Волгоград
Имя издателя, распространителя и т. д. ВГИПК РО
Дата издания, распространения и т.д. 2005
215 ## - ФИЗИЧЕСКАЯ ХАРАКТЕРИСТИКА
Специфическое обозначение материала и объем 94 с.
Размеры 20
225 1# - СЕРИЯ
Основное заглавие серии Учебный год. Приложение
Обозначение тома № 9
Наименование части Дошкольное образование
Обозначение тома вып. 2
320 ## - ПРИМЕЧАНИЯ О НАЛИЧИИ В ДОКУМЕНТЕ БИБЛИОГРАФИИ / УКАЗАТЕЛЯ
Текст примечания Библиогр.: с.93-94 (10 назв.)
606 ## - НАИМЕНОВАНИЕ ТЕМЫ КАК ПРЕДМЕТ
Наименование темы Дошкольники
Тематический подзаголовок Физическое воспитание
Формальный подзаголовок Сборники
Идентификатор авторитетной/нормативной записи RU\NLR\auth\66462627
Системный номер авторитетной/нормативной записи 1157227
686 ## - ИНДЕКСЫ ДРУГИХ КЛАССИФИКАЦИЙ
Индекс Ч411.354я43
701 #1 - ИМЯ ЛИЦА - АЛЬТЕРНАТИВНАЯ ОТВЕТСТВЕННОСТЬ
Начальный элемент ввода Саввина
Часть имени, кроме начального элемента ввода Г. Ф.
Расширение инициалов личного имени Галина Федоровна
Код отношения Автор
701 #1 - ИМЯ ЛИЦА - АЛЬТЕРНАТИВНАЯ ОТВЕТСТВЕННОСТЬ
Начальный элемент ввода Бутенко
Часть имени, кроме начального элемента ввода Н. Ю.
Расширение инициалов личного имени Наталья Юрьевна
Код отношения Автор
701 #1 - ИМЯ ЛИЦА - АЛЬТЕРНАТИВНАЯ ОТВЕТСТВЕННОСТЬ
Начальный элемент ввода Миндрина
Часть имени, кроме начального элемента ввода Н. Н.
Расширение инициалов личного имени Наталья Николаевна
Код отношения Автор
701 #1 - ИМЯ ЛИЦА - АЛЬТЕРНАТИВНАЯ ОТВЕТСТВЕННОСТЬ
Начальный элемент ввода Саламатина
Часть имени, кроме начального элемента ввода Р. Б.
Расширение инициалов личного имени Раиса Борисовна
Код отношения Автор
702 #1 - ИМЯ ЛИЦА - ВТОРИЧНАЯ ОТВЕТСТВЕННОСТЬ
Код отношения Редактор
Материалы, к которым относится поле rus
Графика поля Кириллица
Начальный элемент ввода Корепанова
Часть имени, кроме начального элемента ввода М.В.
Расширение инициалов личного имени Марина Васильевна
Идентификатор авторитетной/нормативной записи RU\NLR\auth\7716163
Системный номер авторитетной/нормативной записи 125805
801 #0 - ИСТОЧНИК ЗАПИСИ
Страна Российская Федерация
Организация NLR
Дата составления 20050525
Правила каталогизации rcr
801 #1 - ИСТОЧНИК ЗАПИСИ
Страна Российская Федерация
Организация NLR
Дата составления 20050525
852 ## - МЕСТОНАХОЖДЕНИЕ И ШИФР ХРАНЕНИЯ
Идентификатор организации NLR
Шифр хранения (Call Number) П28/2070
942 ## - ДОПОЛНИТЕЛЬНЫЕ ЭЛЕМЕНТЫ ЗАПИСИ (АБИС)
Тип экземпляра АБИС Книга

Нет доступных экземпляров.